[Event "RUS-ch Higher League 64th"]
[Site "Taganrog"]
[Date "2011.06.24"]
[Round "9"]
[White "Galkin, Alexander"]
[Black "Vitiugov, Nikita"]
[Result "1/2-1/2"]
[WhiteElo "2598"]
[BlackElo "2733"]
[PlyCount "83"]
[EventDate "2011.06.15"]
[EventType "swiss"]
[EventRounds "11"]
[EventCountry "RUS"]
[SourceTitle "CBM 143"]
[Source "ChessBase"]
[SourceDate "2011.07.15"]
[SourceVersion "1"]
[SourceVersionDate "2011.07.15"]
[SourceQuality "1"]

1. Nf3 d5 2. d4 Nf6 3. c4 e6 4. g3 Bb4+ 5. Bd2 Be7 6. Bg2 c6 7. Qc2 b6 8. Bf4 0-0 9. 0-0 Ba6 10. Nbd2 Nbd7 11. Rfc1 Rc8 12. Qa4 Bxc4 13. Nxc4 b5 14. Qxa7 bxc4 15. b3 cxb3 16. axb3 c5 17. Qb7 cxd4 18. Bc7 Qe8 19. b4 Ne4 20. Nxd4 Nd6 21. Bxd6 Bxd6 22. Rxc8 Qxc8 23. Qxc8 Rxc8 24. b5 Be5 25. Ra7 Bxd4 26. Rxd7 g6 27. e3 Rc1+ 28. Bf1 Bc5 29. Kg2 Kg7 30. Be2 Rb1 31. Rc7 Bb4 32. Rd7 Be1 33. h4 h5 34. Kf1 Bc3+ 35. Kg2 Re1 36. Bf1 Rb1 37. Bd3 Rb3 38. Kf1 Rb4 39. Rc7 Bf6 40. Rd7 Rb3 41. Be2 Rb1+ 42. Kg2 1/2-1/2

[Event "RUS-ch Higher League 64th"]
[Site "Taganrog"]
[Date "2011.06.23"]
[Round "8"]
[White "Sjugirov, Sanan"]
[Black "Galkin, Alexander"]
[Result "1/2-1/2"]
[WhiteElo "2629"]
[BlackElo "2598"]
[PlyCount "53"]
[EventDate "2011.06.15"]
[EventType "swiss"]
[EventRounds "11"]
[EventCountry "RUS"]
[SourceTitle "CBM 143"]
[Source "ChessBase"]
[SourceDate "2011.07.15"]
[SourceVersion "1"]
[SourceVersionDate "2011.07.15"]
[SourceQuality "1"]

1. e4 c5 2. Nf3 g6 3. d4 cxd4 4. Nxd4 Nc6 5. c4 Nf6 6. Nc3 Nxd4 7. Qxd4 d6 8. Be2 Bg7 9. Be3 0-0 10. Qd2 Be6 11. Rc1 Qa5 12. f3 Rfc8 13. b3 a6 14. Na4 Qxd2+ 15. Kxd2 Nd7 16. g4 f5 17. exf5 gxf5 18. h3 Rf8 19. f4 Rad8 20. Rhd1 Nf6 21. g5 Ne4+ 22. Ke1 Bd7 23. Nb6 Bc6 24. Nd5 Rd7 25. Nb6 Rdd8 26. Nd5 Rd7 27. Nb6 1/2-1/2

[Event "RUS-ch Higher League 64th"]
[Site "Taganrog"]
[Date "2011.06.22"]
[Round "7"]
[White "Galkin, Alexander"]
[Black "Alekseev, Evgeny V"]
[Result "1-0"]
[WhiteElo "2598"]
[BlackElo "2673"]
[PlyCount "59"]
[EventDate "2011.06.15"]
[EventType "swiss"]
[EventRounds "11"]
[EventCountry "RUS"]
[SourceTitle "CBM 143"]
[Source "ChessBase"]
[SourceDate "2011.07.15"]
[SourceVersion "1"]
[SourceVersionDate "2011.07.15"]
[SourceQuality "1"]

1. c4 Nf6 2. Nf3 e6 3. g3 d5 4. Bg2 d4 5. b4 a5 6. Bb2 e5 7. Nxe5 Bxb4 8. Nd3 0-0 9. Nxb4 axb4 10. a3 bxa3 11. Nxa3 c5 12. 0-0 Nc6 13. Nb5 Rxa1 14. Qxa1 Bg4 15. Re1 Nb4 16. Qb1 d3 17. exd3 Qxd3 18. Bc3 Qxc4 19. Nd6 Qa6 20. Bxf6 gxf6 21. Qe4 Qxd6 22. Qxg4+ Kh8 23. Qf5 Rg8 24. Be4 Rg6 25. Qc8+ Rg8 26. Qh3 Rg7 27. Bxh7 Rxh7 28. Re8+ Kg7 29. Qg4+ Kh6 30. Rg8 1-0